Welcome to CU Library Online Public Access Catalogue (OPAC)

The Supreme Court of Ghana Law Reports 2007-2008. (Record no. 783)

MARC details
000 -LEADER
fixed length control field 00468nam a22001337a 4500
005 - DATE AND TIME OF LATEST TRANSACTION
control field 20250729191314.0
008 - FIXED-LENGTH DATA ELEMENTS--GENERAL INFORMATION
fixed length control field 241107b |||||||| |||| 00| 0 eng d
245 ## - TITLE STATEMENT
Title The Supreme Court of Ghana Law Reports 2007-2008.
Number of part/section of a work Volume 2
260 ## - PUBLICATION, DISTRIBUTION, ETC.
Place of publication, distribution, etc. Accra, Ghana
Name of publisher, distributor, etc. Advanced Legal Publications
Date of publication, distribution, etc. 2008
300 ## - PHYSICAL DESCRIPTION
Extent lxxii, 702-1261 pages ; lxxxvii
Dimensions 24.5 cm
500 ## - GENERAL NOTE
General note Cases determined by the Supreme Court of the Republic of Ghana.<br/>
650 ## - SUBJECT ADDED ENTRY--TOPICAL TERM
Source of heading or term Law Reports
942 ## - ADDED ENTRY ELEMENTS (KOHA)
Source of classification or shelving scheme Library of Congress Classification
Koha item type Books
Suppress in OPAC No
999 ## -
-- 783
-- 783
Holdings
Withdrawn status Lost status Source of classification or shelving scheme Damaged status Not for loan Collection Home library Current library Shelving location Date acquired Total checkouts Full call number Barcode Date last seen Copy number Price effective from Koha item type Uniform resource identifier
    Library of Congress Classification     Reference Law Library (Christ Temple) Law Library (Christ Temple) General stacks 07/29/2025   KRX18.A2S87 SUP GLR07-08 Vol. 2 LLCT00000941 07/29/2025 1 07/29/2025 Books Vol.2
    Library of Congress Classification     Reference Law Library (Christ Temple) Law Library (Christ Temple) General stacks 07/29/2025   KRX18.A2S87 SUP GLR07-08 Vol. 2 LLCT00000939 07/29/2025 2 07/29/2025 Books Vol.2
    Library of Congress Classification     Non-fiction Law Library Annex (Miotso) Law Library Annex (Miotso) General stacks 11/07/2024   KRX 18.A2S87 SUP GLR 07-08 Vol. 2 LLM00000691 11/07/2024 1 11/07/2024 Books  
© 2023-2024 Copyright: Central University Libraries. All Rights Reserved | Created by: Mahone Tech Office